Bősnél kilépett medréből a Duna

Podrobná bibliografia
Hlavný autor: Lőrincz, Adrián, 1972- (Autor)
Médium: Článok
Jazyk:maďarčina
Fyzický popis:Fotogr.
ISSN:1335-7050
Predmet:

MARC

LEADER 00000nab a2200000 a 4500
001 vtls010517286
003 SK-MaSNL
005 20260318124251.0
008 180227c20130606xo d| 000 0|hun
015 |a SNBRB2013/06 
038 |a DSZK 
040 |a DSZK  |b slo  |c DSZK  |e AACR2 
041 0 |a hun 
044 |a xo  |c SK 
080 |a 627.51  |x (437.612)  |2 2001 
100 1 |a Lőrincz, Adrián,  |d 1972-  |4 aut  |9 330033 
245 1 0 |a Bősnél kilépett medréből a Duna  |c Lőrincz Adrián 
300 |b Fotogr. 
648 7 |a 2013  |2 dszk  |9 324251 
650 0 7 |a povodne  |2 dszk  |9 15273 
650 0 7 |a povodňová aktivita  |2 dszk  |9 1326342 
651 7 |a Gabčíkovo (Slovensko)  |2 SNKPHgeo  |9 23512 
651 7 |a Slovensko  |2 dszk  |9 14231 
651 7 |a Dunaj (rieka)  |2 dszk  |9 22602 
773 0 |t Új szó  |g Évf. 66, sz. 130 (2013.6.6), o. 4  |x 1335-7050 
852 |a DSZK  |b KIS3GCP 
958 |a HU 
958 |a SK 
999 |c 2679359  |d 2681289